=LDR 00000nam 2200000 4500 =001 INLIS000000000048105 =005 20160509151635.0 =006 =007 =008 =035 ##$$0010-051600000000010 =082 ##$$a 421-Fad-b =100 ##$$a Odo Fadloe, MA =245 ##$$a Buku materi pokok 4 Bahasa Inggris untuk pergaulan sosial =260 ##$$a Jakarta $b Depdikbud $c 1986 =300 ##$$a 115 Hlm $c 25 Cm =850 ##$$a BPAP =990 ##$$a 0001/BPAP-NTB/2016